Top 100 aktorek filmweb - Statystyki

Ogólne statystyki
  • Ten quiz został rozwiązany 240 razy
    22 od ostatniego zresetowania
  • Średni wynik to 33 z 100
Statystyki odpowiedzi
Miejsce Aktorka % Poprawnych
8 Angelina Jolie
82%
14 Emma Watson
82%
33 Julia Roberts
71%
89 Emily Watson
65%
4 Emma Stone
65%
20 Jennifer Aniston
65%
5 Kate Winslet
65%
3 Margot Robbie
65%
22 Meryl Streep
65%
47 Naomi Watts
65%
52 Penelope Cruz
65%
26 Scarlett Johansson
65%
43 Ana de Armas
59%
38 Anne Hathaway
59%
24 Jennifer Lawrence
59%
31 Nicole Kidman
59%
93 Sharon Stone
59%
78 Zendaya
59%
6 Cate Blanchett
53%
1 Maggie Smith
53%
7 Natalie Portman
53%
36 Rachel McAdams
53%
100 Elizabeth Taylor
47%
28 Emily Blunt
47%
11 Frances McDormand
47%
2 Helena Bonham Carter
47%
25 Uma Thurman
47%
19 Winona Ryder
47%
37 Amy Adams
41%
18 Anya Taylor-Joy
41%
15 Emma Thompson
41%
17 Jenna Ortega
41%
56 Keira Knightley
41%
73 Rachel Weisz
41%
45 Sandra Bullock
41%
42 Saoirse Ronan
41%
46 Alicia Vikander
35%
65 Audrey Hepburn
35%
21 Charlize Theron
35%
68 Courteney Cox
35%
71 Demi Moore
35%
81 Diane Keaton
35%
53 Emilia Clarke
35%
49 Helen Mirren
35%
23 Jodie Foster
35%
57 Judi Dench
35%
44 Julianne Moore
35%
54 Renee Zellweger
35%
83 Blake Lively
29%
41 Florence Pugh
29%
63 Jennifer Connelly
29%
9 Jessica Lange
29%
51 Lily Collins
29%
64 Lisa Kudrow
29%
10 Olivia Colman
29%
70 Reese Witherspoon
29%
29 Tilda Swinton
29%
62 Carey Mulligan
24%
94 Dakota Fanning
24%
39 Ellen Burstyn
24%
88 Hilary Swank
24%
92 Jamie Lee Curtis
24%
27 Jessica Chastain
24%
40 Kathy Bates
24%
91 Laura Dern
24%
35 Michelle Pfeiffer
24%
99 Viola Davis
24%
60 Zoe Saldana
24%
95 Annette Bening
18%
96 Carrie Fisher
18%
32 Elizabeth Olsen
18%
77 Jane Fonda
18%
98 Marion Cotillard
18%
82 Robin Wright
18%
34 Rosamund Pike
18%
80 Susan Sarandon
18%
74 Amanda Seyfried
12%
48 Claire Foy
12%
13 Eva Green
12%
16 Glenn Close
12%
97 Jennifer Jason Leigh
12%
79 Julie Walters
12%
30 Lena Headey
12%
72 Rooney Mara
12%
61 Sarah Paulson
12%
58 Sigourney Weaver
12%
90 Vanessa Kirby
12%
87 Cristin Milioti
6%
12 Gillian Anderson
6%
86 Jessie Buckley
6%
69 Kate Beckinsale
6%
59 Katheryn Winnick
6%
84 Mia Goth
6%
55 Rebecca Ferguson
6%
75 Sally Hawkins
6%
85 Shailene Woodley
6%
66 Toni Collette
6%
67 Helen McCrory
0%
76 Jodie Comer
0%
50 Vera Farmiga
0%
Nie znaleziono quizów pasujących do podanych kryteriów
Rozkład punktacji
Procent ludzi z każdym wynikiem
Percentyl według liczby udzielonych odpowiedzi
Twoja historia wyników
Nie rozwiązałeś tego quizu od ostatniego zresetowania